000 00863nam a22002777a 4500
999 _c1038
_d1038
001 003317
003 CoMeUDC003317
005 20190130155046.0
008 850814s1986 maua b 001 0 eng
010 _a 85020423
020 _a0871509393
040 _aDLC
_cCoMeUDC
_dDLC
050 0 0 _aQA276
_b.M426 1986
082 0 0 _a519.5
_219
100 1 _aMendenhall, William.
245 1 0 _aMathematical statistics with applications /
_cWilliam Mendenhall, Richard L. Scheaffer, Dennis D. Wackerly.
250 _a3rd ed.
260 _aBoston :
_bDuxbury Press,
_cc1986.
300 _axv, 750 p. :
_bill. ;
_c25 cm.
504 _aIncludes bibliographies and index.
650 0 _aMathematical statistics.
700 1 _aScheaffer, Richard L.
700 1 _aWackerly, Dennis D.,
_d1945-
906 _a7
_bcbc
_corignew
_d1
_eocip
_f19
_gy-gencatlg
942 _2ddc
_cBK